Mario Kart DS - les Personnages [avec image] - Statistiques

Statistiques générales
  • Ce quiz a été pris 159 fois
  • Le résultat moyen est 12 sur 13
Statistiques - réponses
Par images Réponse % Correct
Luigi
100%
Mario
100%
Princesse Peach
99%
Toad
99%
Bowser
97%
Donkey Kong
97%
Yoshi
97%
Wario
96%
Waluigi
93%
Princesse Daisy
91%
Maskass
72%
Skelerex
70%
R.O.B.
61%
Aucun quiz correspondant
Distribution des résultats
% des personnes avec chaque résultat
Percentile par nombre de réponses
Votre historique - résultats
Vous n’avez pas pris ce quiz